[Event "ICS rated blitz match"]
[Site "204.178.125.65"]
[Date "1999.09.30"]
[Round "?"]
[White "matar"]
[Black "Hossa"]
[Result "1/2-1/2"]
[WhiteElo "2149"]
[BlackElo "2450"]
[Annotator "Fritz 5.32 (20s)"]
[PlyCount "82"]
[EventDate "1999.??.??"]

1. e4 c5 2. Nf3 e6 3. d4 cxd4 4. Nxd4 a6 5. Nc3 Qc7 6. Be3 6... Ba3 $16 (6...
b5 7. Bd3 (7. g3 Bb7 8. Bg2 Nf6 9. a3 Be7 10. O-O Nc6 11. f4 d6 12. Kh1 O-O 13.
Qe2 Rad8 14. Rad1 Na5 15. g4 d5 16. e5 Ne4 17. Nxe4 dxe4 18. c3 Bd5 19. Rfe1 g5
20. Qf2 Nc4 21. Bc1 f6 22. Bxe4 Bxe4+ 23. Rxe4 fxe5 24. b3 Nb6 25. Rde1 exd4
26. Rxe6 Nd5 27. cxd4 gxf4 28. g5 Rd6 29. R6e5 Qc6 30. Qg2 Bd8 31. Bd2 f3 32.
Qf2 Bb6 33. h4 Qc2 34. h5 Qd3 35. R1e4 Nc3 36. Bxc3 Qxc3 37. Re8 Rxd4 38. Re3
Rd1+ 39. Kh2 Bxe3 40. Rxf8+ Kxf8 41. Qxf3+ Ke7 42. Qxd1 Qd2+ 43. Qxd2 Bxd2 44.
g6 h6 45. Kg3 Bc3 46. Kf3 Bg7 47. Ke4 Ke6 48. Kf4 Kf6 49. a4 bxa4 50. bxa4
50... a5 {0-1 Movsesian,M-Horak,O/CZE 1996/EXT 99 (50)}) 7... Bb7 8. f4 (8. a3
Nf6 9. O-O Be7 10. Qe2 O-O 11. f3 d6 12. Qf2 Nbd7 13. Rfd1 Rac8 14. Nb3 d5 15.
exd5 Nxd5 16. Nxd5 Bxd5 17. Rd2 Ne5 18. Bb6 Nxd3 19. cxd3 Qc6 20. Na5 Qxb6 21.
Qxb6 Bc5+ 22. Qxc5 22... Rxc5 {Vogt,L-Postler,R/Colditz 1967/EXT 99/0-1 (62)})
8... Nf6 (8... d6 9. O-O Nf6 10. Qf3 Nbd7 11. a3 Be7 12. Rae1 O-O 13. g4 Nc5
14. g5 Nfd7 15. Qh3 Nxd3 16. cxd3 Rfe8 17. f5 exf5 18. Nxf5 Ne5 19. d4 Nd3 20.
Nxg7 Nxe1 21. Nxe8 Qc8 22. Qxc8 Rxc8 23. Nf6+ {
Komljenovic,D-Bukic,E/Umag 1972/MCD/1-0 (54)}) 9. Qf3 Bb4 10. O-O Bxc3 11. bxc3
Qxc3 12. a4 bxa4 13. Rxa4 d5 14. e5 Ne4 15. Rb1 Qc7 16. Rab4 Nc5 17. Qg3 g6 18.
f5 gxf5 19. Qg7 Rf8 20. Rxb7 {1-0 Bachmayr,P-Gerstner,W/Munich 1992/TD (20)}) (
6... Bb4 $5 {kommt in Betracht} 7. Nde2 7... Nf6 $11) 7. Ndb5 axb5 8. Nxb5 Qa5+
9. Bd2 Qa4 (9... Bb4 10. Nd6+ Kf8 11. Nxc8 $14) 10. bxa3 Qxe4+ 11. Be2 11...
Ke7 $4 $18 {und es geht weiter bergab} (11... Qc6 $142 12. Bb4 12... Nh6 $16)
12. O-O $14 (12. Bb4+ $142 {und Weiss ist direkt am Ziel} 12... Kf6 13. Nd6 $18
) 12... Nc6 13. Bf3 13... Qf5 {
Schwarz muss dringend die Entwicklung vorantreiben.} 14. Bb4+ Nxb4 15. Qd6+ Kf6
16. Nc7 $14 (16. Qxb4 Nh6 17. Nd6 $18) 16... Nxc2 {Ist der Isolani a3 schwach?}
17. Rac1 Rxa3 18. Ne8+ 18... Kg6 {
Mit Nf6 waere Schwarz nun aus dem Groebsten heraus} 19. Qf8 $1 {
entscheidend. Es droht Matt} 19... Qe5 {Wenn Schwarz jetzt zu Rxf3 kaeme...}
20. Rxc2 Ra8 (20... Ra6 21. Rxc8 Rxa2 22. Be4+ f5 23. Nd6 $18) 21. Re2 {
Droht Matt} 21... Qd4 22. Re4 {Mit der Mattdrohung Rxd4} 22... Nh6 23. Qxh8 $1
{logisch und kraftvoll} (23. Rxd4 {scheint erheblich schwaecher} 23... Rxf8 24.
Nd6 24... Nf5 $17) 23... Qc3 24. h4 (24. Re3 Qd4 25. Be4+ f5 26. Rg3+ Kf7 27.
Nd6+ Ke7 28. Nxc8+ Rxc8 29. Rxg7+ Qxg7 30. Qxg7+ Nf7 31. Bxf5 Rc4 32. Bxh7
32... Rc8 $18) 24... d5 25. Re3 {Es droht Matt} 25... Qd4 26. h5+ (26. Be4+ $1
$142 {ginge schneller} 26... f5 27. Rg3+ 27... Kf7 $18) 26... Kg5 27. Qxh7 (27.
Rd3 Qb2 28. Bd1 Bd7 29. f4+ Kf5 30. Qxh7+ g6 31. hxg6 Qb6+ 32. Kh1 Rxe8 33.
gxf7+ Kf6 34. Qxh6+ Ke7 35. fxe8=R+ Bxe8 36. Qg7+ Kd6 37. Qf8+ Kc7 38. Qe7+ Bd7
39. Rc3+ Kb8 40. Qxd7 e5 41. Qc8+ Ka7 42. Ra3+ Qa6 43. Rxa6+ Kxa6 44. Rf3 e4
45. Ra3+ Kb5 46. Rb3+ Ka5 47. Qa8#) 27... Nf5 28. h6 28... g6 {
Der Freibauer h6 greift sofort ein} 29. Ng7 $16 (29. Rd1 $142 {
entschiede die Partie sofort} 29... Qa4 30. Qxf7 $18) 29... Nxe3 30. fxe3 $4
$11 {danach wendet sich das Blatt} (30. Qh8 Qc4 31. Re1 Rxa2 32. h7 $18 (32.
fxe3 32... f6 $16) (32. Rxe3 $6 {ist schnell zu verwerfen} 32... Ra1+ 33. Bd1
Rxd1+ 34. Kh2 Qh4+ 35. Rh3 Qxf2 36. Rg3+ Kh4 37. Nf5+ Kh5 (37... gxf5 $4 38.
Qf6+ Kh5 39. Qg5#) (37... Qxf5 38. h7 Rh1+ 39. Kxh1 Kxg3 40. Qc3+ Kf2 41. Qd2+
Kg3 42. Qe1+ Kf4 43. h8=Q Qh5+ 44. Qxh5 gxh5 45. Qc1+ Ke4 46. Qxc8 $18) (37...
exf5 $4 38. Qf6+ g5 39. Qxg5#) 38. Ng7+ Kh4 39. Nf5+ Kh5 (39... gxf5 $143 40.
Qf6+ Kh5 41. Qg5#) (39... Qxf5 40. h7 Rh1+ 41. Kxh1 Kxg3 42. Qc3+ Kf2 43. Qd2+
Kg3 44. Qe1+ Kf4 45. h8=Q Qh5+ 46. Qxh5 gxh5 47. Qc1+ Ke4 48. Qxc8 $18) (39...
exf5 $143 40. Qf6+ g5 41. Qxg5#) 40. Ng7+ 40... Kh4 $11)) 30... Qxe3+ 31. Kh1
$17 (31. Kh2 $5 31... Ra4 32. Qh8 $11) 31... Rxa2 $11 (31... Ra4 $5 $142 32. g4
32... Rxa2 $17) 32. Ne8 {Droht entscheidend Qxf7} 32... Qf4 $4 $18 {
wirft den Vorteil weg} (32... Ra4 33. g3 33... Ra1 $15) 33. Qg7 33... Qc4 $4 {
der letzte Fehler} (33... e5 34. g3 Qxg3 35. Qf6+ Kxh6 36. Qh8+ 36... Kg5 $18)
34. Qf6+ $1 {ein boeses Schach} 34... Kxh6 35. Qg7+ $11 (35. Rd1 e5 36. Nd6 $18
) 35... Kg5 36. Qf6+ $11 (36. Qe5+ Kh6 37. Be2 Rxe2 38. Qh2+ Kg5 39. Nd6 $18)
36... Kh6 37. Qg7+ $11 (37. Rd1 e5 38. Nd6 $18) 37... Kg5 38. Qf6+ $11 (38.
Qe5+ Kh6 39. Be2 Rxe2 40. Qh2+ Kg5 41. Nd6 $18) 38... Kh6 39. Qg7+ $11 (39. Rd1
e5 40. Nd6 $18) 39... Kg5 40. Qf6+ $11 (40. Qe5+ Kh6 41. Be2 Rxe2 42. Qh2+ Kg5
43. Nd6 $18) 40... Kh6 41. Qg7+ $11 (41. Rd1 e5 42. Nd6 $18) 41... Kg5 1/2-1/2

[Event "ICS rated blitz match"]
[Site "204.178.125.65"]
[Date "1999.08.27"]
[Round "?"]
[White "matar"]
[Black "Hossa"]
[Result "0-1"]
[WhiteElo "2199"]
[BlackElo "2392"]
[PlyCount "28"]
[EventDate "1999.??.??"]

1. e4 c5 2. Nf3 e6 3. d4 cxd4 4. Nxd4 Nf6 5. Nc3 Bb4 6. e5 Nd5 7. Qg4 Nxc3 8.
Qxg7 Rf8 9. a4 Nb5+ 10. c3 Nxd4 11. cxb4 Nc2+ 12. Kd1 Nxa1 13. Bc4 Qh4 14. Bh6
14... Qd4+ {matar resigns} 0-1

[Event "ICS rated blitz match"]
[Site "204.178.125.65"]
[Date "1999.10.03"]
[Round "?"]
[White "matar"]
[Black "Hossa"]
[Result "0-1"]
[WhiteElo "2261"]
[BlackElo "2355"]
[PlyCount "62"]
[EventDate "1999.??.??"]

1. e4 c5 2. Nf3 e6 3. d4 cxd4 4. Nxd4 Nf6 5. Nc3 d6 6. g4 h6 7. Rg1 Be7 8. h4
Nh7 9. Be3 O-O 10. g5 hxg5 11. hxg5 Bxg5 12. Bxg5 Nxg5 13. Qh5 f6 14. Bc4 Nc6
15. Rxg5 Nxd4 16. Rg3 Nxc2+ 17. Kd2 Nxa1 18. Qg6 Rf7 19. Rh3 Qb6 20. Nd1 Qd4+
21. Bd3 f5 22. e5 Qf4+ 23. Ke1 Qxe5+ 24. Ne3 Qxb2 25. Rh7 Rc7 26. Qh5 Rc1+ 27.
Nd1 Qb4+ 28. Ke2 Qg4+ 29. Qxg4 fxg4 30. Ne3 Bd7 31. Nxg4 31... Bb5 {
matar resigns} 0-1

[Event "ICS rated blitz match"]
[Site "204.178.125.65"]
[Date "1999.10.04"]
[Round "?"]
[White "matar"]
[Black "Hossa"]
[Result "1/2-1/2"]
[WhiteElo "2231"]
[BlackElo "2435"]
[PlyCount "74"]
[EventDate "1999.??.??"]

1. e4 c5 2. Nf3 e6 3. d4 cxd4 4. Nxd4 Nf6 5. Nc3 d6 6. g4 h6 7. Rg1 Be7 8. h4
Nh7 9. Be3 O-O 10. g5 hxg5 11. hxg5 Bxg5 12. Bxg5 Nxg5 13. Qh5 f6 14. f4 Qb6
15. O-O-O Nc6 16. Nxc6 Qe3+ 17. Kb1 bxc6 18. Qg4 Rb8 19. Rg3 Qb6 20. b3 e5 21.
Bc4+ d5 22. Nxd5 cxd5 23. Bxd5+ Rf7 24. Qh5 Ne6 25. f5 Nd8 26. Rh1 Kf8 27. Qh8+
Ke7 28. Rxg7 Bxf5 29. Bxf7 Nxf7 30. exf5 Rxh8 31. Rxh8 Qd4 32. Rhh7 Qd1+ 33.
Kb2 Qd4+ 34. Kb1 Qd1+ 35. Kb2 Qd4+ 36. Kb1 Qd1+ 37. Kb2 37... Qd4+ {
Game drawn by repetition} 1/2-1/2

[Event "ICS rated blitz match"]
[Site "204.178.125.65"]
[Date "1999.10.01"]
[Round "?"]
[White "matar"]
[Black "Hossa"]
[Result "1-0"]
[WhiteElo "2155"]
[BlackElo "2444"]
[Annotator "Fritz 5.32 (20s)"]
[PlyCount "66"]
[EventDate "1999.??.??"]

1. e4 c5 2. Nf3 e6 3. d4 cxd4 4. Nxd4 a6 5. Nc3 Qc7 6. Be3 6... Ba3 $16 (6...
b5 7. Bd3 (7. g3 Bb7 8. Bg2 Nf6 9. a3 Be7 10. O-O Nc6 11. f4 d6 12. Kh1 O-O 13.
Qe2 Rad8 14. Rad1 Na5 15. g4 d5 16. e5 Ne4 17. Nxe4 dxe4 18. c3 Bd5 19. Rfe1 g5
20. Qf2 Nc4 21. Bc1 21... f6 {Movsesian,M-Horak,O/CZE 1996/EXT 99/0-1 (50)})
7... Bb7 8. f4 (8. a3 Nf6 9. O-O Be7 10. Qe2 O-O 11. f3 d6 12. Qf2 Nbd7 13.
Rfd1 Rac8 14. Nb3 d5 15. exd5 Nxd5 16. Nxd5 Bxd5 17. Rd2 Ne5 18. Bb6 Nxd3 19.
cxd3 Qc6 20. Na5 Qxb6 21. Qxb6 Bc5+ 22. Qxc5 22... Rxc5 {
Vogt,L-Postler,R/Colditz 1967/EXT 99/0-1 (62)}) 8... Nf6 (8... d6 9. O-O Nf6
10. Qf3 Nbd7 11. a3 Be7 12. Rae1 O-O 13. g4 Nc5 14. g5 Nfd7 15. Qh3 Nxd3 16.
cxd3 Rfe8 17. f5 exf5 18. Nxf5 Ne5 19. d4 Nd3 20. Nxg7 Nxe1 21. Nxe8 Qc8 22.
Qxc8 Rxc8 23. Nf6+ Bxf6 24. Rxf6 Nd3 25. Rxd6 Nxb2 26. Nd5 Bxd5 27. Rxd5 Rc3
28. Bf4 Nc4 29. Rc5 Rxa3 30. Kf2 Kg7 31. d5 Rd3 32. Rc6 a5 33. Rc5 a4 34. Rxb5
a3 35. Rb7 a2 36. Ra7 Ra3 37. Be5+ Kf8 38. Rxa3 Nxa3 39. Ke2 Nc2 40. Kd2 Na3
41. Bf6 Ke8 42. Kd3 Kd7 43. Bb2 {Komljenovic,D-Bukic,E/Umag 1972/MCD/1-0 (54)})
9. Qf3 Bb4 10. O-O Bxc3 11. bxc3 Qxc3 12. a4 bxa4 13. Rxa4 d5 14. e5 Ne4 15.
Rb1 Qc7 16. Rab4 Nc5 17. Qg3 g6 18. f5 gxf5 19. Qg7 Rf8 20. Rxb7 {
1-0 Bachmayr,P-Gerstner,W/Munich 1992/TD (20)}) (6... Bb4 $5 {ist zu ueberlegen
} 7. Nde2 7... Nf6 $11) 7. Ndb5 axb5 8. Nxb5 Qa5+ 9. Bd2 Qa4 (9... Bb4 10. Nd6+
Kf8 11. Nxc8 $14) 10. bxa3 Qxe4+ 11. Be2 11... Ke7 $4 $18 {
fuehrt zu weiterem Ungemach} (11... Qc6 $142 12. Bb4 12... Nh6 $16) 12. Bb4+
12... Kf6 {Wenn Schwarz nun zu Ne7 kommt, geht es ihm besser} 13. Nd6 {
Droht Matt: Nxe4} 13... Qxg2 (13... Qe5 {ist noch eine Idee} 14. O-O Ra4 15.
Ne8+ Kg6 16. Qd3+ 16... Qf5 $18) 14. Ne8+ (14. Bf3 Qxh1+ 15. Bxh1 $18) 14...
Kg6 15. Qd3+ f5 16. O-O-O Qg5+ 17. Kb1 (17. Bd2 $142 {
gibt noch groesseren Vorteil} 17... Qf6 18. Rhg1+ Kf7 19. Nxf6 19... Nxf6 $18)
17... Nh6 18. Rhg1 {Droht Matt: Rxg5} 18... Rxe8 19. Rxg5+ Kxg5 20. Rg1+ Ng4
21. Bxg4 {Droht Matt} 21... fxg4 (21... Kf6 22. Bxf5 $1 {ist die Ueberraschung!
} 22... d6 23. Bxh7 Rxa3 24. Bxa3 Nc6 25. Bxd6 Ne7 26. Qc3+ e5 27. Qxe5+ Kf7
28. Rxg7+ Kf8 29. Qf6#) 22. Qxh7 g6 (22... Rg8 {
aendert den traurigen Lauf der Dinge nicht} 23. Qe4 Kh6 24. Qxg4 g5 25. Bf8+
Rxf8 26. Qxg5+ Kh7 27. Qg7#) 23. h3 (23. Qf7 Ra4 24. Bd2+ Rf4 25. Bxf4+ Kh5 26.
Qh7#) 23... Kf6 {Weiss darf Schwarz nun nicht zu Ra4 kommen lassen} 24. Rxg4 d6
25. Rxg6+ (25. Bxd6 g5 26. Qh6+ Kf7 27. Qxg5 Rxa3 28. Qg7#) 25... Ke5 26. Qh5+
Ke4 27. Rg4+ Kf3 28. Qxe8 (28. Qf7+ Ke2 29. Rg1 Rxa3 30. Re1#) 28... Nc6 (28...
Rxa3 {aendert nichts mehr} 29. Qf8+ Ke2 30. Qf4 Rc3 31. Qe4+ Kf1 32. Bxc3 Kxf2
33. Qg2+ Ke3 34. Bd4#) 29. Qf7+ Ke2 30. Qf4 Nxb4 31. Qe3+ Kf1 32. axb4 (32. f3
Nxc2 33. Rg1#) 32... e5 (32... Ra3 {holt die Kuh nicht vom Eis} 33. Qxa3 d5 34.
Qd3+ Kxf2 35. Qd2+ Kf3 36. Rf4+ Kg3 37. Qf2+ Kxh3 38. Rh4#) 33. Qc1+ (33. Qd3+
Kxf2 34. Qg3+ Kf1 35. Re4 Bxh3 36. Re1#) 33... Kxf2 (33... Ke2 {
aendert nichts am Ausgang der Partie} 34. Rg1 Ra3 35. Qxa3 Kxf2 36. Qg3+ Ke2
37. Re1+ Kd2 38. Qe3#) 1-0

[Event "ICS rated blitz match"]
[Site "204.178.125.65"]
[Date "1999.09.21"]
[Round "?"]
[White "matar"]
[Black "Hossa"]
[Result "0-1"]
[WhiteElo "2220"]
[BlackElo "2398"]
[PlyCount "32"]
[EventDate "1999.??.??"]

1. e4 c5 2. Nf3 d6 3. d4 cxd4 4. Nxd4 Nf6 5. Nc3 a6 6. Rg1 Nc6 7. g4 Nxd4 8.
Qxd4 Nxg4 9. Nd5 Nxh2 10. Qc3 Bg4 11. Nc7+ Kd7 12. Nxa8 Nf3+ 13. Kd1 Nxg1+ 14.
Ke1 Qxa8 15. f4 Nf3+ 16. Kf2 16... Qc8 {matar resigns} 0-1

[Event "ICS rated blitz match"]
[Site "204.178.125.65"]
[Date "1999.09.21"]
[Round "?"]
[White "matar"]
[Black "Hossa"]
[Result "1/2-1/2"]
[WhiteElo "2220"]
[BlackElo "2398"]
[PlyCount "46"]
[EventDate "1999.??.??"]

1. e4 c5 2. Nf3 d6 3. d4 cxd4 4. Nxd4 Nf6 5. Nc3 a6 6. Rg1 Nc6 7. g4 Nxd4 8.
Qxd4 Nxg4 9. Nd5 Nxh2 10. Qc3 Bg4 11. Rxg4 Rc8 12. Qh3 Nxg4 13. Qxg4 Rxc2 14.
Be3 Rxb2 15. O-O-O Rxa2 16. Bb6 h5 17. Qh3 Qd7 18. Nc7+ Kd8 19. Nb5+ Ke8 20.
Nc7+ Kd8 21. Nb5+ Ke8 22. Nc7+ Kd8 23. Nb5+ 23... Ke8 {Game drawn by repetition
} 1/2-1/2

[Event "ICS rated blitz match"]
[Site "204.178.125.65"]
[Date "1999.09.21"]
[Round "?"]
[White "matar"]
[Black "Hossa"]
[Result "1-0"]
[WhiteElo "2204"]
[BlackElo "2414"]
[PlyCount "108"]
[EventDate "1999.??.??"]

1. e4 c5 2. Nf3 Nc6 3. Bb5 g6 4. c3 Bg7 5. d4 cxd4 6. cxd4 Nf6 7. Nc3 O-O 8. d5
a6 9. Be2 Na5 10. Bd2 b5 11. b4 Nc4 12. Bxc4 bxc4 13. O-O d6 14. Rb1 Bg4 15. h3
Bxf3 16. Qxf3 Nd7 17. Qe2 Nb6 18. Rfc1 Rc8 19. Be3 e6 20. Qd2 Re8 21. Bd4 e5
22. Be3 f5 23. f3 f4 24. Bf2 Rb8 25. a4 Qf6 26. b5 axb5 27. Bxb6 Rxb6 28. Rxb5
Qd8 29. Rcb1 Rxb5 30. Rxb5 Qc7 31. Qf2 Rb8 32. Kf1 Qc8 33. Qa7 Ra8 34. Qb7 Qd8
35. Qb6 Qd7 36. Qc6 Qxc6 37. dxc6 Bf8 38. c7 Rc8 39. Nd5 c3 40. Ke2 Kf7 41. Rb8
Rxc7 42. Nxc7 g5 43. Nd5 h5 44. a5 Bh6 45. a6 c2 46. Kd2 g4 47. a7 Kg6 48. a8=Q
gxf3 49. Rg8+ Bg7 50. gxf3 c1=Q+ 51. Kxc1 Kh7 52. Qe8 Kh6 53. Qf7 h4 54. Qxg7+
54... Kh5 {Hossa resigns} 1-0

[Event "ICS rated blitz match"]
[Site "204.178.125.65"]
[Date "1999.10.02"]
[Round "?"]
[White "matar"]
[Black "Hossa"]
[Result "1-0"]
[WhiteElo "2260"]
[BlackElo "2410"]
[PlyCount "59"]
[EventDate "1999.??.??"]

1. e4 e5 2. Nf3 Nc6 3. Bb5 Bc5 4. c3 Nge7 5. d4 exd4 6. cxd4 Bb4+ 7. Nc3 O-O 8.
d5 Na5 9. O-O c6 10. Bd3 cxd5 11. Nxd5 Nxd5 12. exd5 Be7 13. d6 Bf6 14. Qc2 h6
15. Qa4 Re8 16. Bd2 Nc6 17. Rae1 Bxb2 18. Qg4 Rxe1 19. Rxe1 Kf8 20. Qf5 g5 21.
Qh7 Bg7 22. h4 Rb8 23. hxg5 h5 24. g6 Qf6 25. Bh6 Bxh6 26. Qxh6+ Qg7 27. Re8+
Kxe8 28. Qxg7 Ne7 29. Qh8+ Ng8 30. Qxg8# {Hossa checkmated} 1-0

[Event "ICS rated blitz match"]
[Site "204.178.125.65"]
[Date "1999.09.21"]
[Round "?"]
[White "matar"]
[Black "Hossa"]
[Result "1-0"]
[WhiteElo "2219"]
[BlackElo "2399"]
[PlyCount "83"]
[EventDate "1999.??.??"]

1. e4 c5 2. Nf3 d6 3. d4 cxd4 4. Nxd4 Nf6 5. Nc3 a6 6. Rg1 Nc6 7. g4 Nxd4 8.
Qxd4 Nxg4 9. Nd5 Nxh2 10. Qc3 Bg4 11. Rxg4 Rc8 12. Qh3 Nxg4 13. Qxg4 Rxc2 14.
Be3 Rxb2 15. Bd4 Rc2 16. Bd3 Rc6 17. Rb1 Qa5+ 18. Kf1 Qa3 19. Rb3 Qc1+ 20. Kg2
b5 21. a4 h5 22. Qh3 Qg5+ 23. Kh2 Rc1 24. Bf1 Qg4 25. axb5 e6 26. bxa6 exd5 27.
a7 Rc8 28. Rb8 Qf4+ 29. Qg3 Qg4 30. Bh3 Qxg3+ 31. fxg3 Ke7 32. Rxc8 f5 33. exf5
h4 34. a8=Q hxg3+ 35. Kxg3 Rxh3+ 36. Kxh3 Kf7 37. Kg4 g6 38. Qb7+ Be7 39. fxg6+
Kxg6 40. Rc7 Bf8 41. Rh7 Bh6 42. Qf7# {Hossa checkmated} 1-0

[Event "ICS rated blitz match"]
[Site "204.178.125.65"]
[Date "1999.10.01"]
[Round "?"]
[White "matar"]
[Black "Hossa"]
[Result "0-1"]
[WhiteElo "2152"]
[BlackElo "2447"]
[Annotator "Fritz 5.32 (20s)"]
[PlyCount "46"]
[EventDate "1999.??.??"]

1. e4 c6 2. d4 d5 3. exd5 cxd5 4. c4 Nf6 5. Nc3 Nc6 6. Bg5 dxc4 7. d5 Ne5 8.
Nf3 Bg4 (8... Qd6 9. Be2 Nxf3+ 10. Bxf3 g6 11. O-O Bg7 12. Qa4+ Bd7 13. Qxc4
O-O 14. Rfe1 Rac8 15. Qb3 b6 16. Rad1 Rfe8 17. g3 h6 18. Be3 Ng4 19. Bd4 Bxd4
20. Rxd4 Nf6 21. Qd1 Kg7 22. Rd3 b5 23. Rde3 {
Feher,G-Varga,P/Budapest 1995/EXT 98/ - (45)}) 9. Qd4 $19 (9. Bxc4 Nxc4 10.
Qa4+ Qd7 11. Qxc4 Bxf3 12. gxf3 Rc8 13. Qd3 e5 14. O-O Bd6 15. Bxf6 gxf6 16.
Ne4 Rg8+ 17. Kh1 Rg6 18. Rg1 Ke7 19. Ng3 Rcg8 20. Rac1 a6 21. Qe4 Rc8 22. Rxc8
Qxc8 23. Nf5+ 23... Kd7 {Prins,L-Golombek,H/Hastings 1946/MCL/1-0 (75)}) (9.
Qa4+ Bd7 10. Qd1 10... Bg4 {- Jandecka,T-Kucera,P/Klatovy 1997/EXT 98 (10)}) (
9. Bxf6 exf6 10. Bxc4 $11) 9... Nxf3+ 10. gxf3 Bxf3 11. Rg1 Nxd5 12. Bxc4 Nf6 (
12... Nxc3 13. Qxc3 Bc6 14. Bh6 $19) 13. Qe3 Bc6 14. Bxf6 gxf6 15. Rd1 Qa5 16.
Rg4 h5 17. Rgd4 e5 18. Rd5 18... Bxd5 $15 (18... Qb4 $5 19. Bb5 19... Rg8 $19 (
19... Qxb2 $6 20. Rxe5+ fxe5 21. Qxe5+ Be7 22. Qxh8+ Bf8 23. Bxc6+ bxc6 24. Kf1
$14)) 19. Rxd5 {Haelt den Koenig im Zentrum fest} 19... Qc7 20. Nb5 $4 $19 (20.
Bb5+ Ke7 21. Qf3 $11) 20... Qxc4 21. Rxe5+ (21. Qd3 {
ist der letzte Rettungsanker} 21... Qb4+ 22. Qd2 Qxd2+ 23. Kxd2 $19) 21... fxe5
22. Qxe5+ Kd7 23. Qf5+ 23... Kc6 {Droht Matt: Bb4} (23... Kc6 24. Nc3 Re8+ 25.
Kd1 Qg4+ 26. Qxg4 26... hxg4 $19) 0-1

[Event "ICS rated blitz match"]
[Site "204.178.125.65"]
[Date "1999.10.01"]
[Round "?"]
[White "matar"]
[Black "Hossa"]
[Result "0-1"]
[WhiteElo "2163"]
[BlackElo "2436"]
[Annotator "Fritz 5.32 (20s)"]
[PlyCount "66"]
[EventDate "1999.??.??"]

1. e4 c6 2. d4 d5 3. exd5 cxd5 4. c4 Nf6 5. Nc3 Nc6 6. Bg5 dxc4 7. d5 Ne5 8.
Nf3 Bg4 (8... Qd6 9. Be2 Nxf3+ 10. Bxf3 g6 11. O-O Bg7 12. Qa4+ Bd7 13. Qxc4
O-O 14. Rfe1 Rac8 15. Qb3 b6 16. Rad1 Rfe8 17. g3 h6 18. Be3 Ng4 19. Bd4 Bxd4
20. Rxd4 Nf6 21. Qd1 Kg7 22. Rd3 b5 23. Rde3 {
Feher,G-Varga,P/Budapest 1995/EXT 98/ - (45)}) 9. Qd4 $19 (9. Bxc4 Nxc4 10.
Qa4+ Qd7 11. Qxc4 Bxf3 12. gxf3 Rc8 13. Qd3 e5 14. O-O Bd6 15. Bxf6 gxf6 16.
Ne4 Rg8+ 17. Kh1 Rg6 18. Rg1 Ke7 19. Ng3 Rcg8 20. Rac1 a6 21. Qe4 Rc8 22. Rxc8
Qxc8 23. Nf5+ 23... Kd7 {Prins,L-Golombek,H/Hastings 1946/MCL/1-0 (75)}) (9.
Qa4+ Bd7 10. Qd1 10... Bg4 {- Jandecka,T-Kucera,P/Klatovy 1997/EXT 98 (10)}) (
9. Bxf6 exf6 10. Bxc4 $11) 9... Nxf3+ {Schwarz geht zum Angriff ueber} 10. gxf3
Bxf3 11. Bxc4 {Schwarz darf nun die Drohung Bxf6 nicht uebersehen} 11... Bxh1
12. Bxf6 a6 (12... exf6 $6 13. Bb5+ Ke7 14. Qe3+ Kd6 15. Qg3+ Kc5 16. Qe3+ Kd6
17. Qg3+ Ke7 18. Qe3+ 18... Kd6 $11) 13. O-O-O (13. Bxg7 $142 13... Rg8 14.
Bxf8 Kxf8 15. f4 $19) 13... gxf6 (13... exf6 $6 14. Re1+ Kd7 15. Rxh1 $19) 14.
Rxh1 Rc8 15. Re1 Bh6+ 16. Kb1 Kf8 17. Bb3 Rg8 18. Qh4 Bd2 19. Rd1 Bxc3 20. bxc3
(20. Qh6+ Ke8 21. Qxh7 Rf8 22. bxc3 22... Rxc3 $19) 20... Rg7 21. c4 (21. Rd3 {
aendert nichts am Ausgang der Partie} 21... Qd6 $19) 21... b5 22. cxb5 axb5 23.
Qh6 Kg8 24. Qh3 Qc7 25. Qd3 Qxh2 26. Qxb5 (26. Qf5 {
waere gleichermassen fruchtlos} 26... Rd8 $19) 26... Qe5 (26... Qxf2 $5 {
gibt noch groesseren Vorteil} 27. Qf1 Qxf1 28. Rxf1 $19) 27. Qd7 {
Mit der Mattdrohung Qxc8} 27... Rf8 28. d6 (28. Qh3 {aendert nichts mehr} 28...
Rb8 $19) 28... exd6 29. Qxd6 Qf5+ 30. Kb2 Qxf2+ 31. Rd2 Qf1 (31... Qe3 {
ginge schneller} 32. Qd4 Qe5 33. Kb1 $19) 32. a4 Qe1 33. a5 (33. Qd5 {
hilft allerdings auch nicht} 33... Rg5 34. Rd1 Qe5+ (34... Rxd5 $143 35. Rxe1
Rb8 36. Kc3 Rc8+ 37. Bc4 $19) 35. Rd4 35... Rb8 $19) 33... Rg1 {
Mit der Mattdrohung Qc1} (33... Rg1 34. Ka3 Qc1+ 35. Ka4 Rg4+ 36. Kb5 36... Qc3
$19) 0-1

[Event "ICS rated blitz match"]
[Site "204.178.125.65"]
[Date "1999.10.01"]
[Round "?"]
[White "matar"]
[Black "Hossa"]
[Result "0-1"]
[WhiteElo "2175"]
[BlackElo "2424"]
[Annotator "Fritz 5.32 (20s)"]
[PlyCount "38"]
[EventDate "1999.??.??"]

1. e4 c6 2. d4 d5 3. exd5 cxd5 4. c4 Nf6 5. Nc3 Nc6 6. Bg5 dxc4 7. d5 Ne5 8.
Qd4 Nfd7 (8... h6 9. Bh4 Ng6 10. Bg3 e6 11. d6 Ne7 12. Rd1 Ned5 13. Qe5 Nd7 14.
Qe2 Nxc3 15. bxc3 g6 16. Be5 Nxe5 17. Qxe5 Rg8 18. Bxc4 Bg7 19. Bb5+ Bd7 20.
Bxd7+ Qxd7 21. Qe3 Qc6 22. Ne2 b6 23. O-O O-O-O 24. c4 Kb7 25. Nd4 Bxd4 26.
Rxd4 Rd7 27. Qxh6 e5 28. Rd5 Re8 29. Qd2 Re6 30. c5 bxc5 31. Rb1+ Ka8 32. Qb2
Re8 33. Rxe5 Red8 34. Qc3 Rxd6 35. Rf1 c4 36. Re7 f6 37. Qe3 R6d7 38. Rxd7 Qxd7
39. Qf3+ 39... Qd5 {
1-0 Anand,V-Seirawan,Y/Amsterdam 1992/CBM 30/[Blatny,P] (39)}) 9. Nf3 $15 (9.
Bf4 $5 {ist bedenkenswert} 9... Qc7 10. Rc1 $11) 9... Nxf3+ {
Nun geraet Weiss unter starken Druck.} 10. gxf3 f6 11. Be3 Ne5 12. O-O-O (12.
Qe4 Qd6 13. Bxc4 f5 14. Bb5+ 14... Kf7 $15) 12... Kf7 13. Bxc4 Bh3 14. f4 (14.
Bf1 14... Bf5 $11) 14... Nxc4 {Schwarz hat Entwicklungsnachteil.} 15. Qxc4 Rc8
16. Qd3 (16. Qb5 Bg4 17. Rd2 17... b6 $15) 16... g6 (16... Qd7 17. Qc2 $17) 17.
Bb6 (17. Bxa7 $5 17... Bf5 18. Qb5 $17) 17... Qd7 18. Bxa7 18... Bf5 $17 (18...
b5 19. a3 Bf5 20. Qe3 $19) 19. Qe3 $19 (19. Qd4 $5 $17) 19... Qa4 {
Es droht Matt} (19... Qa4 20. Kd2 Qc2+ 21. Ke1 21... Qxb2 $17) 0-1

[Event "ICS rated blitz match"]
[Site "204.178.125.65"]
[Date "1999.10.04"]
[Round "?"]
[White "matar"]
[Black "Hossa"]
[Result "0-1"]
[WhiteElo "2231"]
[BlackElo "2435"]
[PlyCount "42"]
[EventDate "1999.??.??"]

1. e4 c5 2. Nf3 e6 3. d4 cxd4 4. Nxd4 Nf6 5. Nc3 d6 6. g4 h6 7. Rg1 Be7 8. h4
Nh7 9. Be3 O-O 10. g5 hxg5 11. hxg5 Bxg5 12. Bxg5 Nxg5 13. f4 Nh7 14. Qh5 Qf6
15. Rh1 Qg6 16. Qh2 Nc6 17. Nf3 f5 18. Ng5 Nxg5 19. fxg5 Qxg5 20. Rg1 Qe3+ 21.
Be2 21... Nb4 {matar resigns} 0-1

[Event "ICS rated blitz match"]
[Site "204.178.125.65"]
[Date "1999.09.07"]
[Round "?"]
[White "matar"]
[Black "Hossa"]
[Result "0-1"]
[WhiteElo "2170"]
[BlackElo "2512"]
[PlyCount "40"]
[EventDate "1999.??.??"]

1. e4 e6 2. Nf3 d5 3. Nc3 Bb4 4. a3 Bxc3 5. dxc3 Ne7 6. e5 f6 7. Bd3 Nec6 8.
exf6 Qxf6 9. Bg5 Qf7 10. Qe2 Nd7 11. O-O-O O-O 12. h4 e5 13. Bb5 e4 14. Nd4
Nxd4 15. Rxd4 c6 16. Ba4 Qxf2 17. Qxf2 Rxf2 18. c4 dxc4 19. c3 Ne5 20. Rxe4
20... Nd3+ {matar resigns} 0-1